| 000 | 00921nmm a2200289 a 4500 | ||
|---|---|---|---|
| 001 | ocm000592887 | ||
| 003 | TR-IsHL | ||
| 005 | 20201028115554.0 | ||
| 008 | 130625s2000 tu tur | ||
| 007 | cr cn | ||
| 020 | _a9789757244646 | ||
| 035 |
_a592887 _b(N$T) |
||
| 050 | 0 | 4 |
_aBL2780 _b.R87 2000 |
| 090 | 0 | 4 |
_aBL2780 _b.R87 2000 |
| 100 | 1 | _aRussell, Bertrand | |
| 245 | 1 | 0 |
_aNeden Hristiyan değilim _h[electronic resource] / _cBertrand Russell ; çev. Emre Ozkan |
| 250 | _a1. bs. | ||
| 260 |
_aİstanbul : _bToplumsal Dönüşüm Yayınları, _c2000 |
||
| 300 | _a176 p. | ||
| 650 | 4 | _aFelsefe, Psikoloji ve Din | |
| 650 | 4 | _aPhilosophy, Psychology and Religion | |
| 650 | 0 | _aÖzgür düşünce | |
| 650 | 0 | _aFree thought | |
| 650 | 7 |
_aRELIGION / Philosophy _2bisacsh |
|
| 700 | 1 | _aOzkan, Emre | |
| 856 | 4 | 0 | _uhttp://search.ebscohost.com/login.aspx?direct=true&scope=site&db=e011xww&AN=592887 |
| 999 |
_c328 _d328 |
||